| 000 | 00574nam a22001697a 4500 | ||
|---|---|---|---|
| 005 | 20260317152630.0 | ||
| 008 | 260317b |||||||| |||| 00| 0 eng d | ||
| 020 | _a9789352073740 | ||
| 040 | _cVITAP | ||
| 082 |
_223rd Ed. _a821.914 MAH |
||
| 100 |
_aMahapatra, Jayanta _917278 |
||
| 245 |
_aHesitant Light (Poems) _c/ Jayanta Mahapatra |
||
| 260 |
_aNew Delhi _bAuthorspress _c2016 |
||
| 300 | _a103p. : ill. ; 22cm | ||
| 650 | 0 |
_aIndic poetry (English); English poetry - Indian authors; Poetry, Modern - 20th century; Indian English literature _917279 |
|
| 942 |
_2ddc _cREF |
||
| 999 |
_c47357 _d47357 |
||